Statistiques concernant Les Simpson - Expressions de Ralph

Cliquez ici pour prendre le quiz!

Statistiques générales

  • Ce quiz a été pris 76 fois
  • Le résultat moyen est 7 sur 10

Statistiques - réponses

QuestionRéponse% Correct
"J'ai mal triché. J'ai copié le prénom de [...] et écrit les réponses de Ralph."Lisa
90%
"Tous mes amis ont leur anniversaire [...]"cette année
89%
"J'aime les [...] maintenant"hommes
87%
"C'est là qu'un jour j'ai vu le lutin. Il m'a demandé [...]."de brûler des choses
83%
"Des fois quand je pète [...]"je fais caca
72%
"Bonjour Lisa, bonjour [...]"SuperNintendo Shalmers
69%
"Salut Lisa, je crois qu'on va finir dans [...]"une tarte
63%
"Quand je serai grand, j'aimerais bien être principal, ou alors [...]"Batman
61%
"Le docteur a dit que je saignerais moins du nez si j'arrêtais [...]"de mettre mes doigts dedans
56%
"J'ai trouvé [...] dans mon nez"une pierre lunaire
51%

Distribution des résultats

Percentile par nombre de réponses

% des personnes avec chaque résultat

Votre développement - résultats

Vous n’avez pas pris ce quiz